00000000cam 2200000zi 4500
0019.957834
003CaOODSP
00520251210120846
006m     o  d f      
007cr cn ||||||||
008251201t20252025nscabd  ob   f000 0 eng d
020 |a9780660799872
040 |aCaOODSP|beng|erda|cCaOODSP
041 |aeng|beng|bfre
043 |an-cn-nf|an-cn-ns
0861 |aFs97-6/3741E-PDF
1001 |aXu, Jinshan, |eauthor.
24510|aPassive acoustic detection of North Atlantic Right Whales in the Cabot Strait : |bambient noise analysis and detection range modelling / |cJinshan Xu, Hilary B. Moors-Murphy, and Angelia S.M. Vanderlaan.
264 1|aDartmouth, Nova Scotia : |bFisheries and Oceans Canada, Bedford Institute of Oceanography, |c2025.
264 4|c©2025
300 |a1 online resource (vi, 58 pages) : |bfigures, maps, charts.
336 |atext|btxt|2rdacontent
337 |acomputer|bc|2rdamedia
338 |aonline resource|bcr|2rdacarrier
4901 |aCanadian technical report of fisheries and aquatic sciences, |x1488-5379 ; |v3741
504 |aIncludes bibliographical references (pages 20-26).
546 |aIncludes abstracts in English and French.
650 0|aRight whales|xMonitoring|zCabot Strait (N.L. and N.S.)
650 0|aRight whales|xDetection|zCabot Strait (N.L. and N.S.)
650 0|aUnderwater acoustic telemetry|zCabot Strait (N.L. and N.S.)
650 6|aBalénidés|xSurveillance|zCabot, Détroit de (N.-É. et T.-N.-L)
650 6|aBalénidés|xDétection|zCabot, Détroit de (N.-É. et T.-N.-L)
650 6|aTélémétrie acoustique sous-marine|zCabot, Détroit de (N.-É. et T.-N.-L)
7101 |aCanada. |bDepartment of Fisheries and Oceans, |eissuing body.
830#0|aCanadian technical report of fisheries and aquatic sciences ;|v3741.|w(CaOODSP)9.504449
85640|qPDF|s23.0 MB|uhttps://publications.gc.ca/collections/collection_2025/mpo-dfo/fs97-6/Fs97-6-3741-eng.pdf